000 00448nab a22001457 4500
003 ES-SlBCS
005 20231213213502.0
008 231213s2023 sp ||||| |||| 00| 0 spa d
040 _aES-SlBCS
_bspa
041 _aspa
100 1 _aKaplan, Grant
_9108657
245 1 0 _aTeología católica y enseñanza superior católica en Estados Unidos
_cGrant Kaplan
773 0 _gNúm. 403, 2023, págs. 39-50
_tConcilium
_wRev134
_x0210-1041
942 _2lcc
_cAR
999 _c893270
_d893270